Management et gestion des Unités Commerciales

Na minha lista:
Detalhes bibliográficos
Autor principal: Beaugrand, Patrick
Outros Autores: Druesne, Brigitte
Formato: Livro
Idioma:francês
Publicado em: Paris Nathan technique 2010
Colecção:BTSMUC
Assuntos:
Tags: Adicionar Tag
Sem tags, seja o primeiro a adicionar uma tag!

MARC

LEADER 00000nam a2200000 4500
001 0147004
005 20231215114720.2
020 |a 978-2-09-161346-8 
041 0 |a fre 
044 |a FR 
245 1 0 |a Management et gestion des Unités Commerciales  |c Patrick Beaugrand, Brigitte Druesne 
264 1 |a Paris  |b Nathan technique  |c 2010 
300 |a 357 s. 
490 1 |a BTSMUC 
830 0 |a BTSMUC 
610 2 0 |a obchod 
610 2 0 |a podnik obchodný 
610 2 0 |a riadenie podnikové 
610 2 0 |a stratégia obchodná 
610 2 0 |a stratégia podnikateľská 
610 2 0 |a formy podnikov 
100 1 |a Beaugrand, Patrick 
700 1 |a Druesne, Brigitte